Đa dạng di truyền nguồn gel lúa hoang ở đồng bằng sông Cửu Long /
Na minha lista:
| Outros Autores: | , , , |
|---|---|
| Formato: | Artigo |
| Idioma: | Vietnamese |
| Assuntos: | |
| Tags: |
Adicionar Tag
Sem tags, seja o primeiro a adicionar uma tag!
|
| Thư viện lưu trữ: | Thư viện Trường Đại học Đà Lạt |
|---|
| LEADER | 00960nam a2200301 4500 | ||
|---|---|---|---|
| 001 | DLU090084032 | ||
| 005 | ##20091030 | ||
| 040 | # | # | |a DLU |b vie |
| 041 | # | # | |a vie |
| 044 | # | # | |a vn |
| 245 | # | # | |a Đa dạng di truyền nguồn gel lúa hoang ở đồng bằng sông Cửu Long / |c Trịnh Thị Lũy, Trần Quang Tấn, Nguyễn Thị Lang, Bùi Chí Bửu. |
| 653 | # | # | |a Cây lương thực |
| 653 | # | # | |a Di truyền học |
| 653 | # | # | |a Gel |
| 700 | # | # | |a Bùi Chí Bửu. |
| 700 | # | # | |a Nguyễn Thị Lang. |
| 700 | # | # | |a Trần Quang Tấn. |
| 700 | # | # | |a Trịnh Thị Lũy. |
| 773 | # | # | |t Nông nghiệp và phát triển nông thôn |g Số 2(119), 2008, tr. 15-18 |
| 920 | # | # | |a Phòng Tạp chí -- Trung tâm Thông tin - Thư viện Trường Đại học Đà Lạt |
| 994 | # | # | |a DLU |
| 900 | # | # | |a True |
| 911 | # | # | |a Nguyễn Thị Linh Chi |
| 925 | # | # | |a G |
| 926 | # | # | |a A |
| 927 | # | # | |a BB |
| 980 | # | # | |a Thư viện Trường Đại học Đà Lạt |